Psicodinamica del grupo T : (Registro nro. 6080)
[ vista simple ]
| 000 -CABECERA | |
|---|---|
| campo de control de longitud fija | 00653nam a2200205 i 4500 |
| 001 - NÚMERO DE CONTROL | |
| campo de control | Rebiun12797863 |
| 003 - IDENTIFICADOR DEL NÚMERO DE CONTROL | |
| campo de control | AR-RoIUNI |
| 005 - FECHA Y HORA DE LA ÚLTIMA TRANSACCIÓN | |
| campo de control | 20250625170917.0 |
| 008 - DATOS DE LONGITUD FIJA--INFORMACIÓN GENERAL | |
| campo de control de longitud fija | 970204s1975 ag 000 0 spa c |
| 040 ## - FUENTE DE LA CATALOGACIÓN | |
| Centro catalogador/agencia de origen | UMA.CEP |
| Centro/agencia transcriptor | |
| 080 ## - NÚMERO DE LA CLASIFICACIÓN DECIMAL UNIVERSAL | |
| Número de la Clasificación Decimal Universal | 158.3 |
| 100 1# - ENTRADA PRINCIPAL--NOMBRE DE PERSONA | |
| Nombre de persona | Benne, Kenneth D. |
| 245 10 - MENCIÓN DE TÍTULO | |
| Título | Psicodinamica del grupo T : |
| Resto del título | aplicaciones psicoterapeuticas y educacionales / |
| Mención de responsabilidad, etc. | Kenneth D. Benne y otros |
| 260 ## - PUBLICACIÓN, DISTRIBUCIÓN, ETC. (PIE DE IMPRENTA) | |
| Lugar de publicación, distribución, etc. | Buenos Aires : |
| Nombre del editor, distribuidor, etc. | Paidos, |
| Fecha de publicación, distribución, etc. | imp. 1975 |
| 300 ## - DESCRIPCIÓN FÍSICA | |
| Extensión | 218 p. ; |
| Dimensiones | 23 cm |
| 490 0# - MENCIÓN DE SERIE | |
| Mención de serie | Biblioteca de psquiatria, psicopatologia y psicosomatica. |
| Designación de volumen o secuencia | 62 |
| 650 04 - PUNTO DE ACCESO ADICIONAL DE MATERIA--TÉRMINO DE MATERIA | |
| Término de materia o nombre geográfico como elemento inicial | Dinamica de grupos |
| 650 04 - PUNTO DE ACCESO ADICIONAL DE MATERIA--TÉRMINO DE MATERIA | |
| Término de materia o nombre geográfico como elemento inicial | PSICOLOGIA |
| 9 (RLIN) | 108 |
| 942 ## - ELEMENTOS DE PUNTO DE ACCESO ADICIONAL (KOHA) | |
| Fuente del sistema de clasificación o colocación | Clasificación Decimal Universal |
| Tipo de ítem Koha | Libros |
| Estado de retiro | Estado de pérdida | Fuente del sistema de clasificación o colocación | Estado dañado | Excepción de préstamo | Código de colección | Localización permanente | Ubicación/localización actual | Ubicación en estantería | Fecha de adquisición | Fuente de adquisición | Número de inventario | Total de préstamos | Signatura topográfica completa | Código de barras | Fecha visto por última vez | Precio válido a partir de | Tipo de ítem Koha |
|---|---|---|---|---|---|---|---|---|---|---|---|---|---|---|---|---|---|
| Clasificación Decimal Universal | Psicología | BIBLIOTECA RIOBAMBA | BIBLIOTECA RIOBAMBA | BIBLIOTECA RIOBAMBA | 25/06/2025 | Donación | 8786 | 158.3 BEN | 8786 | 25/06/2025 | 25/06/2025 | Libros |

